书目信息 |
| 题名: |
残唐五代传
|
|
| 作者: | 罗贯中 编辑 ;李卓吾 批评 | |
| 分册: | 上 | |
| 出版信息: | 北京 中国书店 1986 |
|
| 页数: | 1册 | |
| 开本: | 20cm | |
| 丛书名: | ||
| 单 册: | ||
| 中图分类: | I242.43 , I242.4 | |
| 科图分类: | ||
| 主题词: | 讲史小说--中国--明代 , 章回小说--中国--明代 , 古典小说--中国--明代 , 小说--中国 | |
| 电子资源: | ||
| ISBN: | ||
| 000 | 00815nam0 2200301 45 | |
| 001 | 0186014514 | |
| 005 | 20030104235438.5 | |
| 010 | @dCNY3.80 | |
| 100 | @a19900817d1986 em y0chiy0121 ea | |
| 101 | 0 | @achi |
| 102 | @aCN@b110000 | |
| 105 | @ay z 000ay | |
| 106 | @ar | |
| 200 | 10 | @a残唐五代传@h上@Acan tang wu dai zhuan@f(明)罗贯中编辑@g李卓吾批评 |
| 205 | @a影印本 | |
| 210 | @a北京@c中国书店@d1986 | |
| 215 | @a1册@d20cm | |
| 606 | @a讲史小说@y中国@y明代 | |
| 606 | @a章回小说@y中国@y明代 | |
| 606 | @a古典小说@y中国@y明代 | |
| 606 | 0 | @a小说@x中国 |
| 690 | @aI242.43@v3 | |
| 690 | @aI242.4 | |
| 701 | 0 | @a罗贯中@Aluo guan zhong@f明@4编辑 |
| 702 | 0 | @a李卓吾@Ali zhuo wu@4批评 |
| 801 | 0 | @aCN@b深圳图书馆@c20030104 |
| 801 | 2 | @aCN@bNLC@c20030104 |
| 905 | @f6@b255976-981@dI242.4@e61:1 | |
| 残唐五代传.上/(明)罗贯中编辑/李卓吾批评.-影印本.-北京:中国书店,1986 |
| 1册;20cm |
| ISBN :CNY3.80 |
| ● |
| 相关链接 |
|
|
|
|
正题名:残唐五代传
索取号:I242.4/61:1
 
预约/预借
| 序号 | 登录号 | 条形码 | 馆藏地/架位号 | 状态 | 备注 |
| 1 | 0167184 | 000778064 | 密集书库/ [索取号:I242.4/61:1] | 在馆 | |
| 2 | 0167185 | 000777724 | 密集书库/ [索取号:I242.4/61:1] | 在馆 | |
| 3 | 0167186 | 000777715 | 密集书库/ [索取号:I242.4/61:1] | 在馆 | |
| 4 | 0255976 | 000108886 | 密集书库/ [索取号:I242.4/61:1] | 在馆 | |
| 5 | 0255977 | 000108902 | 密集书库/ [索取号:I242.4/61:1] | 在馆 | |
| 6 | 0255978 | 000108911 | 密集书库/ [索取号:I242.4/61:1] | 在馆 | |
| 7 | 0255979 | 000108920 | 密集书库/ [索取号:I242.4/61:1] | 在馆 | |
| 8 | 0255980 | 000108895 | 第一样本阅览室/ [索取号:I242.4/61:1] | 在馆 | |
| 9 | 0255981 | 000108939 | 第二借阅区/ [索取号:I242.4/61:1] | 在馆 | |
| 10 | 0255982 | 000777733 | 密集书库/ [索取号:I242.4/61:1] | 在馆 | |
| 11 | 0255983 | 001589793 | 密集书库/ [索取号:I242.4/61:1] | 在馆 | |
| 12 | 0255984 | 001589800 | 密集书库/ [索取号:I242.4/61:1] | 在馆 | |
| 13 | 0255985 | 000778162 | 密集书库/ [索取号:I242.4/61:1] | 在馆 |